00608 2200217 4500001002100000005001500021035002000036007000300056008004100059082001000100084001600110100001900126245006400145250001400209260004700223300003400270505005600304990001000360990001000370990001000380INLIS00000000000722920251224030754 a0010-0421000045ta251224 0 ind  a745.5 a745.5 KIA i0 aKiana Larasati1 aInspirasi Kerajinan Berbahan Barang Bekas /cKiana Larasati aCetakan I aYogyakarta :bHijaz Pustaka Mandiri,c2019 a122 hal :bilus ;c14 x 20 cm abarang bekas menjadi momong besar bagi negara kita, a02630 a02631 a02632